Investigating mathematics.

Guardado en:
Detalles Bibliográficos
Autor principal: Grossnickle, Foster E. [et al.], (autor)
Formato: Libro
Idioma:Inglés
Temas:
Etiquetas: Agrega una etiqueta
Sin etiquetas, Sé el primero en etiquetar este registro!

MARC

LEADER 00000cam^a2200000uu^4500
001 000489472
005 20250521000000.0
008 032410s1962^^^^^^^^^^^^rd^r^^000^0^eng^d
009 20260310125332.04
022 |a 432965212 
035 |a FCE 000032664 
035 |a FCE 022209 
037 |a Acervo ITESO - Biblioteca 
041 |a eng 
082 0 4 |a 510  |b GROi 
100 |a Grossnickle, Foster E.,  |e [et al.]  |e (autor) 
245 1 0 |a Investigating mathematics. 
264 |a New York :  |b Holt, Rinehart and Winston,  |c 1962. 
300 |a 455 p. 
336 |a texto  |b txt  |2 rdacontenido 
337 |a sin mediación  |b n  |2 rdamedio 
338 |a volumen  |b nc  |2 rdasoporte 
649 |a XX 
650 |a Investigación 
650 |a Matemáticas 
650 |a Geometría 
650 |a Aritmética 
910 |a Fondo Centro de Estudios Educativos 
920 |a Impresos - Libros 
930 |a Fondos Especiales 
905 |a 133 
901 |a ALE022209  |b IT2  |c CEE  |u 20250521 
902 |a https://opac.biblio.iteso.mx/vufind/Record/000489472